000 00199 a2200097 4500
001 9614
100 _aYeaber, MC
245 _aNeutron Physics
260 _a
_bAcademic Press
_c
090 _c7653
_d7653
942 _aNUST-CAE
_cM
_c34326
999 _c244687
_d244687